Normal view MARC view

Entry Personal Name

Number of records used in: 15

001 - CONTROL NUMBER

  • control field: 28359

003 - CONTROL NUMBER IDENTIFIER

  • control field: dpl

005 - DATE AND TIME OF LATEST TRANSACTION

  • control field: 20110601143102.0

008 - FIXED-LENGTH DATA ELEMENTS

  • fixed length control field: 110601|||a|||||| | ||| d

040 ## - CATALOGING SOURCE

  • Original cataloging agency: dpl
  • Transcribing agency: dpl

100 ## - HEADING--PERSONAL NAME

  • Personal name: Yadava, R. L.

670 ## - SOURCE DATA FOUND

  • Source citation: Work cat.: (dpl): Yadava, R. L., Antenna and wave propagation /, 2011

670 ## - SOURCE DATA FOUND

  • Source citation: Work cat.: (dpl): Yadava, R. L., Antenna and wave propagation /, 2011

© Delhi Public Library
Hit Counter
free hit counter